000
00259nam a22001217a 4500
008
190205b xxu||||| |||| 00| 0 eng d
041
_a
eng
080
_a
316
100
_a
50
101
_a
SOC
245
_a
Nofunctionalism
_c
Alexander, J.C
942
_2
udc
_c
BK
999
_c
53961
_d
53961